Movie by Deleted Scene Quiz Stats

Quiz Updated Sep 23, 2015

Challenge
Share
Tweet
Score 0/18 Timer 05:00
16 Plays Today
% Correct
E.T. the Extra-Terrestrial
99.8%
Titanic
97.8%
Iron Man 2
93.2%
Wedding Crashers
89%
Star Wars Episode IV: A New Hope
88.8%
Sixth Sense
83.6%
Thor
77.5%
Robin Hood
74.3%
Back to the Future
73.3%
% Correct
The Hunger Games: Catching Fire
70.8%
Robocop 2
69.9%
Harry Potter and the Goblet of Fire
62%
When Harry Met Sally
60.5%
Good Will Hunting
58.5%
Star Trek Into Darkness
37.8%
Pulp Fiction
35.1%
Frozen
24.4%
Casablanca
13.1%

You're not logged in!

Compare scores with friends on all Sporcle quizzes.
Sign Up with Email
OR
Log In

You Might Also Like...

Show Comments

Extras

Top Quizzes Today


Score Distribution

Your Account Isn't Verified!

In order to create a playlist on Sporcle, you need to verify the email address you used during registration. Go to your Sporcle Settings to finish the process.